A briefe treatise of vsurie /

Bibliographic Details
Main Author: Sander, Nicholas, 1530?-1581
Format: eBook
Language:English
Published: Lovanii [Louvain] : Apud Ioannem Foulerum, 1568.
Series:Making of the modern world (Goldsmiths'-Kress Library of Economic Literature)
Subjects:
Online Access:Connect to the full text of this electronic book

MARC

Tag First Indicator Second Indicator Subfields
LEADER 00000cam a2200000Ia 4500
001 in00002290813
005 20190326195419.0
006 m | d |
007 cr |n||||||||n
008 880412s1568 xx s 000 0 eng d
010 |a nuc87719086  
040 |a ResP  |c GKS  |d RQM  |d OCL  |d Thomson Gale  |d UtOrBLW 
100 1 |a Sander, Nicholas,  |d 1530?-1581. 
245 1 2 |a A briefe treatise of vsurie /  |c made by Nicolas Sander of Diuinitie. ... 
264 1 |a Lovanii [Louvain] :  |b Apud Ioannem Foulerum,  |c 1568. 
300 |a 1 preliminary leaf, 67 pages, 4 unnumbered leaves ;  |c octavo. 
336 |a text  |b txt  |2 rdacontent 
337 |a computer  |b c  |2 rdamedia 
338 |a online resource  |b cr  |2 rdacarrier 
500 |a Errata: leaf [2] at end. 
500 |a Reproduction of original from Goldsmiths' Library, University of London. 
500 |a Goldsmiths'-Kress number 00133. 
510 4 |a STC  |c 21691 
510 4 |a OCLC,  |c 20889284 
533 |a Electronic reproduction.  |b Farmington Hills, Mich. :  |c Thomson Gale,  |d 2005.  |f (The making of the modern world).  |n Available via the World Wide Web.  |n Access limited to licensing agreements.  |7 s2005 miunns 
500 |a Electronic resource. 
650 0 |a Usury  |v Early works to 1800. 
650 0 |a Loans  |v Early works to 1800. 
655 0 |a Electronic books. 
740 0 |a Briefe treatise of usurie. 
830 0 |a Making of the modern world (Goldsmiths'-Kress Library of Economic Literature) 
856 4 0 |u http://proxy.library.tamu.edu/login?url=http://galenet.galegroup.com/servlet/MOME?af=RN&ae=U100024433&srchtp=a&ste=14&locID=txshracd2898  |z Connect to the full text of this electronic book  |t 0 
999 |a MARS 
999 f f |s a9e7328b-6579-36f5-82f0-8eb284e1d3ba  |i 0b566f22-63e5-3a42-9fc4-e53960ee355e  |t 0 
952 f f |a Texas A&M University  |b College Station  |c Electronic Resources  |d Available Online  |t 0  |h No information provided 
998 f f |t 0  |l Available Online